| 000 | 00730nam a22002177a 4500 | ||
|---|---|---|---|
| 999 |
_c21099 _d21099 |
||
| 003 | AR-CdUCM | ||
| 008 | 190318b ||||| |||| 00| 0 spa d | ||
| 040 |
_aMUNICIPALIDAD PROVINCIAL DEL CUSCO _cBIBLIOTECA MUNICIPAL DEL CUSCO |
||
| 082 |
_a944.04 / _bT48 |
||
| 100 |
_aThorez, Maurice _943973 |
||
| 245 | _aLa revolución francesa / | ||
| 260 |
_aMéxico : _bGrijalbo, _c1968. |
||
| 300 |
_a157 paginas _c18 cm. |
||
| 505 | _aContenido : Conspiración extranjera contra la revolución Francesa -- Filosofía del iluminismo y el pensamiento moderno... | ||
| 650 |
_aFrancia _91444 |
||
| 650 |
_aHistoria _943974 |
||
| 650 |
_aRevolución _943975 |
||
| 700 |
_aDuclos, Jacques _943976 |
||
| 942 |
_2ddc _cLIBROS |
||
| 945 | _arjall | ||